Nano-Bio-Sensing (Record no. 32961)

000 -LEADER
fixed length control field 00858cam a22002775i 4500
001 - CONTROL NUMBER
control field 18145372
003 - CONTROL NUMBER IDENTIFIER
control field OSt
005 - DATE AND TIME OF LATEST TRANSACTION
control field 20210923161731.0
008 - FIXED-LENGTH DATA ELEMENTS--GENERAL INFORMATION
fixed length control field 140509t20132013waua b 101 0 eng
010 ## - LIBRARY OF CONGRESS CONTROL NUMBER
LC control number 2014395079
020 ## - INTERNATIONAL STANDARD BOOK NUMBER
International Standard Book Number 9781441961686
038 ## - RECORD CONTENT LICENSOR
Staff Name khadija
040 ## - CATALOGING SOURCE
Original cataloging agency DLC
Language of cataloging eng
Description conventions rda
Transcribing agency DLC
042 ## - AUTHENTICATION CODE
Authentication code pcc
082 ## - DEWEY DECIMAL CLASSIFICATION NUMBER
Classification number 610.28
Author Mark CAR
100 ## - MAIN ENTRY--PERSONAL NAME
Personal name Carrara, Sandro.
9 (RLIN) 56073
245 00 - TITLE STATEMENT
Title Nano-Bio-Sensing
Statement of responsibility, etc. Sandro Carrara
300 ## - PHYSICAL DESCRIPTION
Extent 1 volume (various pagings) :
Other physical details illustrations ;
Dimensions 28 cm.
490 0# - SERIES STATEMENT
Series statement Proceedings of SPIE,
International Standard Serial Number 0277-786X ;
Volume/sequential designation volume 8879
504 ## - BIBLIOGRAPHY, ETC. NOTE
Bibliography, etc. note Includes bibliographical references and author index.
563 ## - BINDING INFORMATION
Binding note hardcover
700 1# - ADDED ENTRY--PERSONAL NAME
Personal name Kang, Shin Won,
Relator term editor of compilation.
9 (RLIN) 82681
906 ## - LOCAL DATA ELEMENT F, LDF (RLIN)
a 0
b ibc
c orignew
d 2
e ncip
f 20
g y-gencatlg
942 ## - ADDED ENTRY ELEMENTS (KOHA)
Source of classification or shelving scheme
Koha item type Book
Holdings
Withdrawn status Lost status Source of classification or shelving scheme Damaged status Not for loan Permanent Location Current Location Shelving location Date acquired Total Checkouts Full call number Barcode Date last seen Date last checked out Price effective from Koha item type Public note
          School of Mechanical & Manufacturing Engineering (SMME) School of Mechanical & Manufacturing Engineering (SMME) General Stacks 12/15/2015 1 610.28 CAR SMME-1886 10/22/2024 02/20/2024 12/15/2015 Book Rack,46-Shelf,3
© 2023 Central Library, National University of Sciences and Technology. All Rights Reserved.